An examination of two-step estimators for models with lagged dependent variables and autocorrelated errors (Registro nro. 26385)
[ vista simple ]
| 000 -LEADER | |
|---|---|
| fixed length control field | 00429 a2200121 4500 |
| 001 - CONTROL NUMBER | |
| control field | ART_12456 |
| 005 - DATE AND TIME OF LATEST TRANSACTION | |
| control field | 20260410161906.0 |
| 008 - FIXED-LENGTH DATA ELEMENTS--GENERAL INFORMATION | |
| fixed length control field | 260409a |
| 100 1# - MAIN ENTRY--PERSONAL NAME | |
| Personal name | Guilkey, David K. |
| 245 10 - TITLE STATEMENT | |
| Title | An examination of two-step estimators for models with lagged dependent variables and autocorrelated errors |
| 700 1# - ADDED ENTRY--PERSONAL NAME | |
| Personal name | Fomby, Thomas B. |
| 773 0# - HOST ITEM ENTRY | |
| Title | Journal of econometrics |
| Related parts | - Vol. 22, Nº 3 (ago. 1983) |
| Record control number | REV11720 |
No hay ítems disponibles.